000 00539nam a2200181Ia 4500
008 100917s9999 xx 000 0 und d
082 _b15099
100 _aइस्लामपूरकर वामनशास्त्री
245 _aबृहत्कथासागर
260 _b---
_c1895
300 _a397
365 _b0
520 _aकादंबरी
630 _aबृहत्कथासागर
650 _aकादंबरी
730 _aबृहत्कथासागर
942 _cBOOK
999 _c620493
_d620490